| 000 | 00562nam a22001817a 4500 | ||
|---|---|---|---|
| 005 | 20150715111735.0 | ||
| 010 | _aENG-113252 | ||
| 020 |
_c250.00 _a9788189766589 |
||
| 035 | _aEN-96784 | ||
| 037 | _bDBAD/PUB | ||
| 082 | _a621.30920954 | ||
| 100 | _aKaul, Maharaj | ||
| 245 |
_aInclinations and reality : _cby Maharaj Kaul _bthe search for the absolute / |
||
| 260 |
_aNew Delhi _bVitasta Publishing _c2010 |
||
| 270 |
_a2/15, Ansari Road, Daryaganj _bNew Delhi _e110002 |
||
| 300 |
_a257p. _c21cm(pbk) |
||
| 942 |
_2ddc _cEN _mKAU _h621.30920954 |
||
| 999 |
_c93967 _d93967 |
||